| 000 | 00891njm a2200289Ia 4500 | ||
|---|---|---|---|
| 001 | 25862 | ||
| 003 | IT-RoPAU | ||
| 005 | 20220918181131.0 | ||
| 008 | 131025s9999 xx 000 0 und d | ||
| 040 | _aIT-RoPAU | ||
| 040 | _cIT-RoPAU | ||
| 999 |
_c100605 _d100605 |
||
| 999 | _bn.d. | ||
| 100 |
_aJarre Jean-Michel _914578 |
||
| 100 |
_eAutore musica _914579 |
||
| 100 |
_gCodice autore musica SPICS: 10957 _914580 |
||
| 245 | _aZoolok | ||
| 250 | _a1a ed. | ||
| 260 | _aITALIA | ||
| 260 |
_bPOLYDOR _c1984 [1a Ed.:1984 - Ed. Lingua Orig.: 1984] |
||
| 300 | _aDISCO | ||
| 300 | _c37 minuti (Testo: pag.) | ||
| 500 | _aMusica strumentale | ||
| 505 | _aZoolook - Wooloomooloo - Zoolookologie - Blah Blah Cafe - Ethnicolor - Diva | ||
| 650 |
_aSTRUMENTALE [DISCHI] _eCodice MATERIA SPICS: 9950 _9828 |
||
| 700 |
_aJarre Jean-Michel _gCodice interprete SPICS: 10957 _eInterprete _914581 |
||
| 942 |
_cMD _2ddc |
||